LEADER 01739nam a2200361 a 4500 001 000000124624 003 CaOOAMICUS 005 20110309172459.0 008 110309s2010 it u000 u ita r 020 $z9788885343764* 040 $aPUL$bita 082 04$a302.2 100 1 $aRossi, Emilio,$d1923-2008.$0(OLS)http://pul/name/78710 245 10$aÉ tutto per stasera /$cEmilio Rossi ; prefazione di Emmanuele Milano ; presentazione di Andrea Melodia. 246 34$aÉ tutto per stasera :$bquando la politica entra nei Tg 260 $aRoma :$bUCSI,$c2010$aRoma :$bCDG-Centro di Documentazione giornalistica,$c2010$aRoma :$bRai-Eri,$c2010. 300 $a332 p. ;$c21 cm 500 $aTitolo sul front.: "É tutto per stasera : quando la politica entra nei Tg". 500 $aInclude indice. 650 4$aGiornalismo$zItalia.$0(OLS)http://pul/subject/23889 700 1 $aMilano, Emmanuele.$0(OLS)http://pul/name/78711 700 1 $aMelodia, Andrea.$0(OLS)http://pul/name/78712 850 $aPUL 852 $aPUL$W1$xSL Diritto e Scienze Sociali 3$y79$m302. 2 ROSEM 1$j143511$qDDC 21$B142540$CPULBib$Z2$F142540 $H116442 $82 941 1 $a9 996 $6020$z9788885343764*$9(OLS)http://pul/number/146634 996 $6082$a302.2$9(OLS)http://pul/classification/1735 996 $6246$aÉ tutto per stasera :$bquando la politica entra nei Tg$9(OLS)http://pul/title/157099 996 $6245$aÉ tutto per stasera$9(OLS)http://pul/title/157098 996 $6260$aRoma :$bUCSI$9(OLS)http://pul/publisher/77963 996 $6260$aRoma :$bCDG-Centro di Documentazione giornalistica$9(OLS)http://pul/publisher/81532 996 $6260$aRoma :$bRai-Eri$9(OLS)http://pul/publisher/66364 LEADER 01751nam a2200337 a 4500 001 000000152091 003 CaOOAMICUS 005 20160603130922.0 008 160603s2009 ne u000 u eng r 020 $z9789004173804* 032 $aLibriCat 040 $aPUL$bita 082 04$a113 111 2 $aEuropean Science Foundation Exploratory Workshop$d(2006 :$cIl Ciocco, Castelvecchio Pascoli).$0(OLS)http://pul/name/96785 245 10$aPhysics and philosophy of nature in Greek Neoplatonism :$bproceedings of the European Science Foundation Exploratory Workshop (Il Ciocco, Castelvecchio Pascoli, June 22-24, 2006) /$cedited by Riccardo Chiaradonna and Franco Trabattoni. 260 $aLeiden ;$aBoston :$bBrill,$c2009. 300 $avi, 317 p. ;$c25 cm. 490 1 $aPhilosophia antiqua ;$v115 504 $aContiene indicazioni bibliografiche. 650 4$aFilosofia della natura.$0(OLS)http://pul/subject/8566 700 1 $aTrabattoni, Franco.$0(OLS)http://pul/name/69856 700 1 $aChiaradonna, Riccardo.$0(OLS)http://pul/name/82511 830 0$aPhilosophia antiqua ;$v115.$0(OLS)http://pul/title/2231 850 $aPUL 852 $aPUL$W1$xSL Filosofia 3$y81$m113 CHIRI 1$j174836$qDDC 21$B177391$CPULBib$Z2$F177391 $H127820 $81 941 1 $a9 996 $6020$z9789004173804*$9(OLS)http://pul/number/160470 996 $6082$a113$9(OLS)http://pul/classification/1702 996 $6245$aPhysics and philosophy of nature in Greek Neoplatonism :$bproceedings of the European Science Foundation Exploratory Workshop (Il Ciocco, Castelvecchio Pascoli, June 22-24, 2006)$9(OLS)http://pul/title/191450 996 $6260$aLeiden ;$aBoston :$bBrill$9(OLS)http://pul/publisher/68781